|
|
|
|
| LEADER |
00000nam a2200000 a 4500 |
| 001 |
vtls001484360 |
| 003 |
SK-MaSNL |
| 005 |
20260223133933.0 |
| 008 |
180810s1908 xx 0 und |
| 035 |
|
|
|a SNK000439654
|
| 040 |
|
|
|a SNK
|b slo
|c SNK
|e AACR2
|
| 041 |
0 |
|
|a und
|
| 044 |
|
|
|a xx
|
| 245 |
1 |
|
|a Powinnosti družbow, alebo zwáčow pri swadbách
|
| 250 |
|
|
|a 1. vyd.
|
| 260 |
|
|
|a Budapesst
|b Koloman Róža a jeho manželka
|c 1908
|
| 300 |
|
|
|a 26 s.
|
| 958 |
|
|
|a ONDV
|
| 999 |
|
|
|c 560261
|d 562191
|
| 952 |
|
|
|t P60, <03>, [BOOK], {603}
|a SNK
|b SNK
|y PREZ
|7 0
|p 17A0447862
|o snkSD 10726
|i snk525/56
|0 0
|1 0
|4 0
|d 2004-10-28
|l 0
|r 2025-11-24 00:00:00
|w 2026-02-23
|